| 000 | 00614nam a22001337a 4500 | ||
|---|---|---|---|
| 040 | _cRUA | ||
| 082 | _aAGR OEM 2015 B521 Or. | ||
| 100 | _aOEM KIMLEANG; អ៊ឺម គឹមលៀង | ||
| 245 | _aComparison of different manure fertilizers on Bok Choy at Saang district, Kandal province; ប្រៀបធៀបជីលាមកសត្វផ្សេងៗគ្នាទៅលើដំណាំស្ពៃតឿនៅស្រុកស្អាង ខេត្តកណ្ដាល | ||
| 260 |
_aPhnom Penh _bRUA _c2015 |
||
| 300 |
_avii; 37p; _bill; _c29cm; |
||
| 856 | _uOEM KIMLEANG | ||
| 942 | _cAGR | ||
| 999 |
_c10661 _d10661 |
||